[Event "Titled Tuesday intern op 30th Apr Early"]
[Site "Chess.com INT"]
[Date "2024.04.30"]
[Round "9"]
[White "Ghafourian, Amir Ali"]
[Black "Dragnev, Valentin"]
[Result "0-1"]
[WhiteElo "2141"]
[BlackElo "2571"]
[PlyCount "48"]
[EventDate "2024.04.30"]
[EventType "swiss (blitz)"]
[EventRounds "11"]
[EventCountry "USA"]
[SourceTitle "CB19_2024"]
[SourceDate "2024.05.08"]
[SourceVersion "1"]
[SourceVersionDate "2024.05.08"]
[SourceQuality "1"]

1. e4 d6 2. d4 Nf6 3. Nc3 e5 4. Nf3 Nbd7 5. Bc4 Be7 6. a4 0-0 7. 0-0 exd4 8. Qxd4 Nc5 9. h3 Be6 10. Rd1 Nfd7 11. Bxe6 Nxe6 12. Qc4 Bf6 13. Be3 Ne5 14. Nxe5 Bxe5 15. Ne2 Qf6 16. c3 c6 17. Rf1 Qh4 18. f4 Bf6 19. Rad1 Rfd8 20. Qb3 b6 21. Qc4 Rac8 22. Nd4 Bxd4 23. Bxd4 Nxf4 24. e5 dxe5 0-1

[Event "Titled Tuesday intern op 30th Apr Early"]
[Site "Chess.com INT"]
[Date "2024.04.30"]
[Round "6"]
[White "Ghafourian, Amir Ali"]
[Black "Simonovic, Miroslav"]
[Result "1-0"]
[WhiteElo "2141"]
[BlackElo "2072"]
[PlyCount "99"]
[EventDate "2024.04.30"]
[EventType "swiss (blitz)"]
[EventRounds "11"]
[EventCountry "USA"]
[SourceTitle "CB19_2024"]
[SourceDate "2024.05.08"]
[SourceVersion "1"]
[SourceVersionDate "2024.05.08"]
[SourceQuality "1"]

1. e4 c5 2. Nf3 Nc6 3. d4 cxd4 4. Nxd4 g6 5. Nc3 Bg7 6. Be3 Nf6 7. Bc4 d6 8. f3 h5 9. Qd2 Qa5 10. 0-0-0 Bd7 11. Bb3 Rc8 12. Kb1 Ne5 13. Bg5 Nc4 14. Bxc4 Rxc4 15. Bxf6 Bxf6 16. Nd5 Qxd2 17. Nxf6+ exf6 18. Rxd2 Ke7 19. Rhd1 Rd8 20. b3 Rc5 21. c4 f5 22. exf5 Bxf5+ 23. Kb2 a6 24. Kc3 b5 25. Nxf5+ Rxf5 26. Rd5 Rxd5 27. Rxd5 bxc4 28. bxc4 Rc8 29. Ra5 Rc6 30. Kd4 Ke6 31. Ra3 Rb6 32. Re3+ Kd7 33. Rb3 Kc6 34. Rxb6+ Kxb6 35. Kd5 Kc7 36. f4 Kd7 37. g3 Kc7 38. c5 dxc5 39. Kxc5 f6 40. h3 g5 41. f5 g4 42. h4 Kd7 43. Kd5 a5 44. a4 Ke7 45. Kc6 Kf7 46. Kd6 Kf8 47. Ke6 Kg7 48. Ke7 Kh7 49. Kxf6 Kh6 50. Ke7 1-0

[Event "Titled Tuesday intern op 30th Apr Early"]
[Site "Chess.com INT"]
[Date "2024.04.30"]
[Round "1"]
[White "Ivana Maria, Furtado"]
[Black "Ghafourian, Amir Ali"]
[Result "0-1"]
[WhiteElo "2063"]
[BlackElo "2141"]
[PlyCount "106"]
[EventDate "2024.04.30"]
[EventType "swiss (blitz)"]
[EventRounds "11"]
[EventCountry "USA"]
[SourceTitle "CB19_2024"]
[SourceDate "2024.05.08"]
[SourceVersion "1"]
[SourceVersionDate "2024.05.08"]
[SourceQuality "1"]

1. d4 d5 2. c4 dxc4 3. Nf3 Nf6 4. e3 e6 5. Bxc4 c5 6. 0-0 a6 7. dxc5 Bxc5 8. Qxd8+ Kxd8 9. Nc3 Nbd7 10. a3 Ke7 11. b4 Ba7 12. Bb2 b5 13. Be2 Bb7 14. Rfd1 Rac8 15. Rd2 Nb6 16. Ne5 Bb8 17. Bf3 Bxe5 18. Bxb7 Bxc3 19. Bxc8 Bxd2 20. Bxa6 Nc4 21. Bd4 Rb8 22. Bc5+ Kd7 23. a4 Bc3 24. Bxb5+ Rxb5 25. Rd1+ Kc6 26. axb5+ Kxb5 27. Bd4 Bxd4 28. Rxd4 Kxb4 29. Kf1 Kc5 30. Ke2 Nd5 31. Rd3 Ne5 32. Rd2 f5 33. Rc2+ Kd6 34. f4 Nd7 35. Rd2 Nc5 36. Kf3 Ne4 37. Ra2 h6 38. Ra6+ Ke7 39. Ra7+ Kf6 40. g4 Nd2+ 41. Ke2 Nc4 42. g5+ hxg5 43. fxg5+ Kg6 44. h4 Ncxe3 45. h5+ Kxg5 46. Rxg7+ Kxh5 47. Rg1 e5 48. Kf3 Ng4 49. Rh1+ Kg5 50. Rg1 e4+ 51. Ke2 Nf4+ 52. Ke1 Nd3+ 53. Ke2 f4 0-1

[Event "Titled Tuesday intern op 16th Apr Early"]
[Site "Chess.com INT"]
[Date "2024.04.16"]
[Round "2"]
[White "Ghafourian, Amir Ali"]
[Black "Bashirli, Saadat"]
[Result "1/2-1/2"]
[WhiteElo "2141"]
[BlackElo "1800"]
[PlyCount "121"]
[EventDate "2024.04.16"]
[EventType "swiss (blitz)"]
[EventRounds "11"]
[EventCountry "USA"]
[SourceTitle "CB17_2024"]
[SourceDate "2024.04.24"]
[SourceVersion "1"]
[SourceVersionDate "2024.04.24"]
[SourceQuality "1"]

1. e4 c5 2. Nf3 Nc6 3. d4 cxd4 4. Nxd4 g6 5. Nc3 Bg7 6. Be3 Nf6 7. Bc4 0-0 8. Bb3 a5 9. 0-0 a4 10. Nxa4 Nxe4 11. Nb5 Rxa4 12. Bxa4 Qa5 13. c3 d6 14. Nd4 Nxd4 15. Bxd4 e5 16. Be3 Be6 17. Bb3 d5 18. Qe2 Rd8 19. Rad1 f5 20. f3 Nf6 21. Bg5 Qb6+ 22. Kh1 h6 23. Bh4 g5 24. Bf2 Qc7 25. Rfe1 Nh5 26. Bd4 e4 27. fxe4 Nf4 28. Qd2 dxe4 29. Qe3 Qf7 30. Bxg7 Rxd1 31. Rxd1 Kxg7 32. Bxe6 Qxe6 33. b3 Qc6 34. g3 Ne6 35. c4 f4 36. Qc3+ Kg6 37. Qe5 e3+ 38. Kg1 f3 39. Qxe3 g4 40. Qd3+ Kf6 41. Qe3 Ng5 42. Qf4+ Kg7 43. Qe5+ Kf7 44. Qd5+ Qxd5 45. Rxd5 Nh3+ 46. Kf1 Ng5 47. Rxg5 hxg5 48. c5 Ke6 49. b4 Kd5 50. a3 Kc4 51. Kf2 Kb5 52. Ke3 Kc6 53. a4 b6 54. cxb6 Kxb6 55. Kf2 Ka6 56. b5+ Kb6 57. Ke3 Ka5 58. Kd2 Kb6 59. Ke3 Ka5 60. Kf2 Kb6 61. Ke3 1/2-1/2

[Event "Titled Tuesday intern op 12th Mar Early"]
[Site "Chess.com INT"]
[Date "2024.03.12"]
[Round "6"]
[White "Dehtiarov, Roman"]
[Black "Ghafourian, Amir Ali"]
[Result "1-0"]
[WhiteElo "2319"]
[BlackElo "2113"]
[PlyCount "65"]
[EventDate "2024.03.12"]
[EventType "swiss (blitz)"]
[EventRounds "11"]
[EventCountry "USA"]
[SourceTitle "CB12_2024"]
[SourceDate "2023.10.01"]
[SourceVersion "1"]
[SourceVersionDate "2023.10.01"]
[SourceQuality "1"]

1. e4 d6 2. d4 Nf6 3. Nc3 c6 4. f4 g6 5. Nf3 Bg7 6. Bd3 Bg4 7. Be3 0-0 8. 0-0 e5 9. h3 Bxf3 10. Qxf3 Nbd7 11. dxe5 dxe5 12. f5 Nh5 13. Rad1 Qc7 14. Bc4 Nf4 15. g3 b5 16. Bb3 a5 17. a4 b4 18. gxf4 bxc3 19. fxg6 hxg6 20. f5 Kh7 21. Bxf7 Nf6 22. fxg6+ Kh8 23. Bg5 Rxf7 24. gxf7 Nh7 25. Be3 cxb2 26. Kh1 Rb8 27. Rb1 Bf6 28. Qh5 Qe7 29. Bh6 Bg7 30. Bxg7+ Kxg7 31. Rg1+ Kh8 32. Qg6 Nf6 33. Qg7# 1-0

[Event "Titled Tuesday intern op 12th Mar Early"]
[Site "Chess.com INT"]
[Date "2024.03.12"]
[Round "1"]
[White "Wagh, Suyog"]
[Black "Ghafourian, Amir Ali"]
[Result "1-0"]
[WhiteElo "2250"]
[BlackElo "2113"]
[PlyCount "59"]
[EventDate "2024.03.12"]
[EventType "swiss (blitz)"]
[EventRounds "11"]
[EventCountry "USA"]
[SourceTitle "CB12_2024"]
[SourceDate "2023.10.01"]
[SourceVersion "1"]
[SourceVersionDate "2023.10.01"]
[SourceQuality "1"]

1. d4 d5 2. c4 dxc4 3. Nf3 Nf6 4. e3 c5 5. Bxc4 e6 6. 0-0 a6 7. b3 b5 8. Be2 Nbd7 9. Bb2 Bb7 10. Nbd2 Be7 11. a4 b4 12. Rc1 Rc8 13. Nc4 0-0 14. Nfe5 Nxe5 15. dxe5 Nd5 16. Qc2 Qc7 17. Rfd1 Rfd8 18. a5 Bf8 19. Bd3 g6 20. h4 Ne7 21. Nd6 Nf5 22. Bxf5 exf5 23. Nxc8 Rxc8 24. Qc4 Re8 25. h5 Qxa5 26. hxg6 hxg6 27. Rd7 Re7 28. e6 Rxd7 29. exd7 Qc7 30. Qh4 1-0

[Event "IRI-ch Online"]
[Site "Chess.com INT"]
[Date "2021.03.17"]
[Round "6"]
[White "Ghafourian, Amir Ali"]
[Black "Gholami Orimi, Mahdi"]
[Result "1/2-1/2"]
[WhiteElo "2165"]
[BlackElo "2428"]
[PlyCount "153"]
[EventDate "2021.03.15"]
[EventType "swiss (rapid)"]
[EventRounds "11"]
[EventCountry "IRI"]
[SourceTitle "CBM 201 Extra"]
[Source "ChessBase"]
[SourceDate "2021.05.31"]
[SourceVersion "1"]
[SourceVersionDate "2021.05.31"]
[SourceQuality "1"]

1. f4 c5 2. b3 Nc6 3. Nf3 Nf6 4. Bb2 g6 5. e3 Bg7 6. Bb5 0-0 7. 0-0 d6 8. Bxc6 bxc6 9. d3 Bg4 10. Qe1 Nd7 11. Bxg7 Kxg7 12. Nbd2 Bxf3 13. Nxf3 e6 14. e4 Qe7 15. Qc3+ f6 16. Rad1 e5 17. fxe5 fxe5 18. Nd2 d5 19. Qa5 Qd8 20. Qxd8 Raxd8 21. Rde1 Rf6 22. Nb1 Rxf1+ 23. Kxf1 Kf6 24. c4 dxc4 25. dxc4 Nf8 26. Nc3 Rd3 27. Ke2 Rd4 28. Rf1+ Ke7 29. Ke3 Ne6 30. g3 h5 31. Na4 Rd8 32. h4 Rg8 33. Nb2 g5 34. Nd3 gxh4 35. gxh4 Kd6 36. Rf6 Rg3+ 37. Kd2 Rg4 38. Nxc5 Kxc5 39. Rxe6 Rxe4 40. Kd3 Rxh4 41. Rxe5+ Kb4 42. Re7 a5 43. Rb7+ Ka3 44. Ra7 Kb4 45. Rb7+ Kc5 46. Ra7 Rh3+ 47. Kc2 Rh2+ 48. Kc3 Rxa2 49. Rg7 Rh2 50. Rg5+ Kb6 51. Rg7 Rh3+ 52. Kb2 h4 53. Ka3 Rh1 54. Rg5 h3 55. Rh5 Kc7 56. Kb2 h2 57. Rh6 Kd7 58. Ka2 Ke7 59. Kb2 Kf7 60. Ka2 Kg7 61. Rh3 Kg6 62. Kb2 Kf5 63. Rh8 Ke4 64. Rh4+ Kd3 65. Rh8 Kd4 66. Rh6 Kc5 67. Ka2 Kb4 68. Kb2 a4 69. bxa4 c5 70. Rh4 Kxa4 71. Rh5 Kb4 72. Rh4 Ka5 73. Rh6 Ka4 74. Rh5 Kb4 75. Rh4 Ka5 76. Rh6 Ka4 77. Rh5 1/2-1/2

[Event "IRI-chT 18th"]
[Site "Tehran"]
[Date "2019.11.24"]
[Round "2.1"]
[White "Mosadeghpour, Masoud"]
[Black "Ghafourian, Amir Ali"]
[Result "1-0"]
[WhiteElo "2500"]
[BlackElo "2154"]
[PlyCount "75"]
[EventDate "2019.11.23"]
[EventType "team-tourn"]
[EventRounds "9"]
[EventCountry "IRI"]
[SourceTitle "CBM 193 Extra"]
[Source "ChessBase"]
[SourceDate "2020.01.31"]
[SourceVersion "1"]
[SourceVersionDate "2020.01.31"]
[SourceQuality "1"]
[WhiteTeam "Tehran Saipa"]
[BlackTeam "Oloom Montakhabe Vezarate"]
[WhiteTeamCountry "IRI"]
[BlackTeamCountry "IRI"]

1. e4 e6 2. d4 d5 3. Nc3 dxe4 4. Nxe4 Bd7 5. Nf3 Bc6 6. Bd3 Nd7 7. 0-0 Ngf6 8. Ng3 Bd6 9. c4 0-0 10. b3 Bxf3 11. Qxf3 c5 12. dxc5 Ne5 13. Qe2 Nxd3 14. Qxd3 Bxc5 15. Qf3 Qe7 16. Bg5 h6 17. Bxf6 Qxf6 18. Qxf6 gxf6 19. Ne4 Be7 20. Rfd1 Rfd8 21. g4 Kh7 22. Kf1 Kg6 23. Ng3 a5 24. a4 Rxd1+ 25. Rxd1 Rd8 26. Rxd8 Bxd8 27. Ne4 Be7 28. c5 f5 29. Nd6 b6 30. gxf5+ exf5 31. Kg2 Bxd6 32. cxd6 Kf6 33. Kh3 Ke6 34. Kh4 Kxd6 35. Kh5 Kd5 36. Kxh6 Ke4 37. h4 Kf4 38. Kh5 1-0

[Event "Hamedan op 17th"]
[Site "Hamedan"]
[Date "2018.08.12"]
[Round "6"]
[White "Ghafourian, Amir Ali"]
[Black "Khamisi, S Jafar"]
[Result "1-0"]
[WhiteElo "2023"]
[BlackElo "2219"]
[PlyCount "127"]
[EventDate "2018.08.09"]
[EventType "swiss"]
[EventRounds "11"]
[EventCountry "IRI"]
[SourceTitle "CBM 186 Extra"]
[Source "ChessBase"]
[SourceDate "2018.08.24"]
[SourceVersion "1"]
[SourceVersionDate "2018.08.24"]
[SourceQuality "1"]

1. f4 Nf6 2. Nf3 g6 3. g3 Bg7 4. Bg2 0-0 5. c3 c5 6. d3 d5 7. 0-0 Nc6 8. Na3 d4 9. e4 dxe3 10. Bxe3 Nd5 11. Bf2 b6 12. d4 cxd4 13. Nxd4 Bb7 14. Qd2 e6 15. Rad1 Nde7 16. Ndb5 Qb8 17. Qd6 a6 18. Qxb8 Raxb8 19. Nd6 b5 20. Nxb7 Rxb7 21. Nc2 Rbb8 22. Rd7 Rfe8 23. Bc5 Bf8 24. Rfd1 Na5 25. Nb4 Nf5 26. Bxf8 Rxf8 27. Nxa6 Rb6 28. Nb4 Nc4 29. b3 Nce3 30. R1d3 e5 31. fxe5 Re6 32. Bh3 Rxe5 33. Kf2 h5 34. Nd5 Nc2 35. Rd2 Na3 36. Bxf5 Rxf5+ 37. Kg2 Re5 38. Nf4 Rc5 39. Ne2 Kg7 40. Rd8 Rxd8 41. Rxd8 Nb1 42. Rd3 b4 43. cxb4 Rc2 44. Kf3 Rxa2 45. Nd4 Ra6 46. b5 Ra5 47. b4 Ra7 48. b6 Rb7 49. Ke3 Rxb6 50. Rb3 Nc3 51. Rxc3 Rxb4 52. Rc7 Rb2 53. Nf3 Rb6 54. Ne5 Re6 55. Ke4 Rf6 56. h3 Rf1 57. g4 hxg4 58. hxg4 Rf2 59. g5 Rf5 60. Rxf7+ Rxf7 61. Nxf7 Kxf7 62. Kd5 Ke7 63. Ke5 Kf7 64. Kd6 1-0

[Event "Avicenna op 13th"]
[Site "Hamedan"]
[Date "2016.08.25"]
[Round "2"]
[White "Ghafourian, Amir Ali"]
[Black "Mosadeghpour, Masoud"]
[Result "0-1"]
[WhiteElo "2066"]
[BlackElo "2437"]
[PlyCount "56"]
[EventDate "2016.08.24"]
[EventType "swiss"]
[EventRounds "9"]
[EventCountry "IRI"]
[SourceTitle "CBM 174 Extra"]
[Source "ChessBase"]
[SourceDate "2016.10.10"]
[SourceVersion "1"]
[SourceVersionDate "2016.10.10"]
[SourceQuality "1"]

1. d4 Nf6 2. Nf3 e6 3. Bg5 c5 4. e3 Qb6 5. Qc1 Nc6 6. c3 h6 7. Bh4 g5 8. Bg3 Nh5 9. Be2 d5 10. Nbd2 f5 11. Be5 Rg8 12. Nh4 g4 13. h3 Nxe5 14. dxe5 Qc7 15. hxg4 fxg4 16. Bb5+ Kd8 17. Qc2 Qxe5 18. 0-0-0 Nf6 19. Ng6 Qg5 20. Nxf8 Rxf8 21. e4 Nxe4 22. Kb1 Nxf2 23. Rhf1 Ke7 24. Qh7+ Rf7 25. Qh8 Qg6+ 26. Ka1 Rf5 27. Rde1 b6 28. c4 d4 0-1